General Merchandise Guide of Japan 1993 - 1994

সংরক্ষণ করুন:
গ্রন্থ-পঞ্জীর বিবরন
সংস্থা লেখক: Display Hall of Japan General Merchandise Promotion Center
বিন্যাস: গ্রন্থ
ভাষা:Undetermined
প্রকাশিত: Tokyo Yoshinaga Prence 1994
বিষয়গুলি:
ট্যাগগুলো: ট্যাগ যুক্ত করুন
কোনো ট্যাগ নেই, প্রথমজন হিসাবে ট্যাগ করুন!
Thư viện lưu trữ: Trung tâm Học liệu Trường Đại học Cần Thơ
LEADER 00568nam a2200181Ia 4500
001 CTU_99565
008 210402s9999 xx 000 0 und d
082 |a 658.7 
082 |b D611 
110 |a Display Hall of Japan General Merchandise Promotion Center 
245 0 |a General Merchandise Guide of Japan 1993 - 1994 
245 0 |c Display Hall of Japan General Merchandise Promotion Center 
260 |a Tokyo 
260 |b Yoshinaga Prence 
260 |c 1994 
650 |a Purchasing 
904 |i Hiếu 
980 |a Trung tâm Học liệu Trường Đại học Cần Thơ